| 000 | 01066nas a2200337 4500 | ||
|---|---|---|---|
| 001 | BR2022000189 | ||
| 003 | BR-BrBNA | ||
| 005 | 20231205132227.0 | ||
| 007 | ta | ||
| 008 | 230509b bl.|||p| |||| 00| 00por d | ||
| 040 |
_aBR-BrBNA _bpor _cBiblioteca Nacional de Agricultura |
||
| 041 | _a(En) | ||
| 072 | _aL02 | ||
| 100 | 1 | _aFaria, P.B. | |
| 100 | 1 | _aCantarelli, V.S. | |
| 100 | 1 | _aFialho, E.T. | |
| 100 | 1 | _aPinto, A.M.B. | |
| 100 | 1 | _aFaria, J.H. | |
| 100 | 1 | _aRocha, M.F.M. | |
| 100 | 1 | _aGuerreiro, M.C. | |
| 100 | 1 | _aBressan, M.C. | |
| 245 | 1 | _aLipid profile and cholesterol of pork with the use of glycerin in feeding | |
| 650 | _aSUÍNO | ||
| 650 | _aTERMINAÇÃO | ||
| 650 | _aNUTRIÇÃO ANIMAL | ||
| 650 | _aÁCIDO GRAXO | ||
| 773 | 0 |
_tArquivo Brasileiro de Medicina Veterinária e Zootecnia (Brazil) _xISSN 1678-4162 _g(Mar-Apr 2015), v. 67(2) p. 535-546 _wBR2022000189 |
|
| 856 | 4 | 0 | _uhttps://www.scielo.br/j/abmvz/a/9p8DPnmKPfMRbmdbWY8SSNb/?format=pdf lang=en |
| 909 |
_a202311 _bLúcia _c55 _dLúcia Elande |
||
| 942 |
_2AGRIS _n0 _cANA |
||
| 999 |
_c259167 _d259167 |
||